| 000 | 00862nam a2200229 i 4500 | ||
|---|---|---|---|
| 001 | 10294 | ||
| 003 | ES-MaACL | ||
| 005 | 20250811061045.0 | ||
| 007 | t| | ||
| 008 | 950420s1993 sp ||||1| spa d | ||
| 020 | _a84-88623-00-3 | ||
| 080 | _a35.077.3(460) | ||
| 080 | _a35(460) | ||
| 245 | 0 | 0 |
_aComentario sistemático a la Ley de Régimen Jurídico de las Administraciones Públicas y del Procedimiento Administrativo Común : _b(Ley 30/1992 de 26 de noviembre) / _cJuan Alfonso Santamaría Pastor ... [et al.]. |
| 260 |
_aMadrid : _bCarperi, _c[1993] |
||
| 300 |
_a443 p. ; _c24 cm. |
||
| 650 | 4 |
_aProcedimiento administrativo- _zEspaña- _vLegislación. _916418 |
|
| 651 | 4 |
_aEspaña- _xAdministración- _vLegislación. _9183235 |
|
| 700 | 1 |
_aSantamaría Pastor, Juan Alfonso, _d1942- _9103312 |
|
| 852 | 4 |
_aES-MaACL _jL-17806 |
|
| 999 |
_c10294 _d10294 |
||